| 000 | 00528nam a2200181Ia 4500 | ||
|---|---|---|---|
| 008 | 151018s9999 xx 000 0 und d | ||
| 082 |
_bRBASDV29144 _a891.463 |
||
| 100 | _aहेमन कर्णिक | ||
| 245 | _aडेडली किलर | ||
| 250 | _b1 | ||
| 260 |
_bशांती _c1998 |
||
| 300 | _a228 | ||
| 600 | _aहेमन कर्णिक | ||
| 630 | _aडेडली किलर | ||
| 700 | _aहेमन कर्णिक | ||
| 730 | _aडेडली किलर | ||
| 942 | _cBOOK | ||
| 999 |
_c1028709 _d1028706 |
||